Museo del Arte Escénico del Instituto del Teatro : catálogo-guía / [director: Guillermo Díaz-Plaja] catálogo-guía / [director:
Descripción Física:
31 p. : il. ; 21 cm
Otros Autores:
Díaz-Plaja, Guillermo, 1909-1984
MARC
| LEADER | 00000nam a2200000Ia 4500 | ||
|---|---|---|---|
| 001 | 17954 | ||
| 003 | BGR | ||
| 005 | 20260324175328.0 | ||
| 008 | 160829s1961 xx 000 0 cat d | ||
| 080 | |a FU-49-17 | ||
| 245 | |a Museo del Arte Escénico del Instituto del Teatro : |b catálogo-guía / [director: |b Guillermo Díaz-Plaja] | ||
| 260 | |a Barcelona : |b Diputación Provincial de Barcelona, |c 1961 | ||
| 300 | |a 31 p. : |b il. ; |c 21 cm | ||
| 650 | |a Institut del Teatre (Barcelona). Museu d'Arts Escèniques |x Catàlegs |9 27238 | ||
| 700 | 1 | |a Díaz-Plaja, Guillermo, |d 1909-1984 |e director editorial |9 20224 | |
| 710 | 1 | |a Barcelona (Catalunya : Província). |b Diputació |9 52408 | |
| 710 | 2 | |a Instituto del Teatro (Barcelona, Catalunya) |9 54846 | |
| 901 | |a Arxiu | ||
| 942 | |n 1 |2 udc |c MON | ||
| 952 | |0 0 |1 0 |4 0 |6 FU4917 |7 1 |9 44323 |a Arxiu |b Arxiu |d 2016-12-01 |l 0 |o FU-49-17 |p 17954 |r 2016-12-01 00:00:00 |w 2016-12-01 |y ARXIU | ||
| 999 | |c 46903 |d 46903 | ||